| 000 | 00883nam a2200265 i 4500 | ||
|---|---|---|---|
| 001 | bg | ||
| 100 | 1 | _aKaraszewski, Robert. | |
| 245 | 1 | 0 |
_aPrzywództwo w środowisku globalnego biznesu / _cRobert Karaszewski. |
| 260 |
_aToruń : _bTowarzystwo Naukowe Organizacji i Kierownictwa "Dom Organizatora", _c2008. |
||
| 300 |
_a435, [3] s. ; _c24 cm. |
||
| 504 | _aBibliogr. s. 419-430. | ||
| 650 | 9 |
_aHandel międzynarodowy _yod 1945 r. |
|
| 650 | 9 |
_aMiędzynarodowe stosunki gospodarcze _yod 1945 r. |
|
| 650 | 9 |
_aPrzywództwo _xteoria |
|
| 015 | _aPB 11341/2008 | ||
| 020 | _a9788372853790 | ||
| 040 | _cBPK | ||
| 041 | _apol | ||
| 044 | _aPOL | ||
| 080 | _a321.01:[339.5:339.9]"1945/..." | ||
| 920 | _a978-83-7285-379-0 | ||
| 942 | _cKS | ||
| 008 | 080331s2008 pl |000 0 pol | ||
| 999 |
_c55763 _d55763 |
||
| 856 |
_uhttp://koha.tu.koszalin.pl/cgi-bin/koha/opac-detail.pl?biblionumber=55763 _yKatalog online BPK |
||